Name that state #1 - Statistics

General Stats
  • This quiz has been taken 38 times
  • The average score is 23 of 25
Answer Stats
Questions Answer % Correct
8) The Sunshine state, Disney World, Cape Canaveral station Florida
100%
2) This state borders only one other state and is knownfor its beaches and lighthouses Maine
100%
4) The Big Apple, Buffalo, and Long island are located inthis state New York
100%
25) AKA the Hoosier state Indiana
97%
12) This Southern state has parishes rather than counties Louisiana
97%
3) This mitten shaped state borders 4 Great Lakes Michigan
97%
22) The Show Me state, home to the Gateway Arch monument Missouri
97%
7) Home to Mt Rushmore and Badlands National Park South Dakota
97%
1) This state contains most of Yellowstone NationalPark and the Grand Teton mountain range Wyoming
97%
24) Rosa Parks famously held her bus seat in defiance in this southern state Alabama
94%
6) Denali peak is located in the mountains of this state Alaska
94%
9) This state is home to the Grand Canyon Arizona
94%
15) Also called Big Sky Country Montana
94%
13) Home to Gatlinburg, the Grand Ole Opry, and Graceland Tennessee
94%
10) Moab, Arches National Park, and the Great Salt Lake arelocated in this state Utah
94%
17) 8 presidents hailed from this state, the most of any US state Virginia
94%
18) This state is home to the famed Churchill Downs horse track and the birthplace of president Abraham Lincoln Kentucky
91%
21) This state is home to the remote Ozark national forest and theHQ of Walmart Arkansas
89%
19) This state is home to the Outer Banks and the invention of the airplane in 1903 North Carolina
89%
11) The Green Mountain state Vermont
89%
14) Nicknamed the Evergreen state due to a large amountof evergreen trees dotting the landscape Washington
89%
20) This state is home to the largest shopping mall in the US Minnesota
86%
23) This state held the distinction of having the last Blockbustervideo store still open in the city of Bend Oregon
86%
16) The Constitution state or the Nutmeg state Connecticut
77%
5) The Land of Enchantment New Mexico
71%
No matching quizzes found
Score Distribution
Percent of People with Each Score
Percentile by Number Answered
Your Score History
You have not taken this quiz